Kolektív: Vzdelávanie a politika trhu práce

Bibliographic Details
Main Author: Antal, Milan (Author)
Format: Article
Language:Slovak
ISSN:1210-5643
Subjects:

MARC

LEADER 00000nab a2200000 a 4500
001 vtls000741075
003 SK-MaSNL
005 20260426084115.0
008 250505c2000 xo 0 slo
015 |a SNBRB2000/12-29240 
035 |a CLN000092917 
035 |a urn:nbn:sk:snk-ab30j9 
035 |a (urnnbn)urn:nbn:sk:snk:ar-a04cgb 
035 |a (uuid)1a0472dd-faf9-4a62-9878-02047235c61c 
040 |a SNKBUCL  |b slo  |c SNKBUCL  |e AACR2 
041 0 |a slo 
044 |a xo  |c SK 
080 |a 331.5(048):377/378  |2 1997 
080 |a 377/378(048)  |2 1997 
080 |a 331.86(048)  |2 1997 
100 1 |a Antal, Milan  |4 aut  |9 5501 
245 1 0 |a Kolektív: Vzdelávanie a politika trhu práce  |c Milan Antal 
650 0 7 |a trh práce  |x vzdelávanie  |x zborníky  |x recenzie  |2 snkbucl  |9 1462444 
650 0 7 |a vzdelávanie  |2 snkbucl  |9 4033 
655 7 |a články z novín a časopisov  |2 snkbucl  |9 267496 
773 0 |t Práca a sociálna politika  |g Roč. 8, č. 11 (2000), s. 20  |x 1210-5643 
787 0 8 |i Rec.:  |t Vzdelávanie a politika trhu práce  |t Vzdelávanie a politika trhu práce  |d Bratislava : Ekonóm, 2000  |d Bratislava : Ekonóm, 2000  |z 80225012397  |z 80225012397 
850 |a Slovenská národná knižnica 
852 |a Slovenská národná knižnica 
954 |a odborná, vedecká literatúra pôvodná (slovenská)  |2 lita 
958 |a article27 
958 |a OND 
958 |a EUIPO 
999 |c 2922049  |d 2923979